| 000 | 00622nam a22001937a 4500 | ||
|---|---|---|---|
| 999 |
_c195872 _d195872 |
||
| 005 | 20230508112313.0 | ||
| 010 | _aUR-11963 | ||
| 020 | _c600.00. | ||
| 035 | _aU-10518 | ||
| 037 | _bDBAD/PUB | ||
| 082 | _a841 | ||
| 100 | _aجا وید نا صر | ||
| 245 |
_aعا لم گیر ادب / _cجا وید نا صر |
||
| 246 |
_aAalamgeer Adab / _bby Jawed Naser |
||
| 260 |
_aAurangabad _bNawa-e-Deccan Publications _c2016 ء |
||
| 270 |
_aIn front of Mastan Function Hall, Majnu Hills, Rasheedpura _bAurangabad _e431001 |
||
| 300 |
_a760 ص _c22cm(pbk) _bcol. ill. |
||
| 942 |
_2ddc _cUR _h841 _mج ا و |
||